000 00328nam a2200133 a 4500
005 20140414132107.0
008 100902s19uu xx 00 eng d
050 _aM 551.21
_bR67 2010
100 _aRooney, Anne.
245 _aVolcanoes.
260 _aM, MN :
_bNewForest Press,
_c2010.
650 _aVolcanoes
999 _c114629
_d114629